000 00735nam a2200217 i 4500
001 25997
003 ES-MaACL
007 t|
008 030107s1985 sp ||||1| spa d
020 _a84-233-1367-0
245 0 3 _aEl arte romano
_b: una revisión de las artes visuales del mundo romano /
_cbajo la dirección de Martín Henig ; [traducción, Ester Donato ; revisión de Isabel Rodá].
250 _a[1ª ed.].
260 _aBarcelona :
_bDestino,
_c[1985]
300 _a337, 35 p. de lám. :
_bil. ;
_c25 cm.
500 _aIndice.
504 _aBibliografía: p. 319-330.
700 1 _aHenig, Martín.
_962537
700 1 _aDonato, Ester.
_945293
700 1 _aRodá, Isabel.
_998091
852 _aES-MaACL
_jL-8680
_bR.108943
999 _c25997
_d25997